000 00201 a2200097 4500
001 26407
100 _aCarper, D
245 _aBasic electronics
260 _a
_bMerril pub co
_c
090 _c17744
_d17744
942 _aNUST-CAE
_cM
_c8607
999 _c261480
_d261480